Every city in Malawi - Statistics

General Stats
  • This quiz has been taken 11 times
  • The average score is 12 of 31
Answer Stats
City Population % Correct
L Lilongwe 989,318
100%
B Blantyre 800,264
89%
M Mzuzu 221,272
78%
B Balaka 36,308
44%
C Chitipa 17,743
44%
K Kasungu 58,653
44%
L Liwonde 36,421
44%
M Mangochi 53,498
44%
M Mchinji 28,011
44%
M Mulanje 14,782
44%
N Nkhotakota 28,350
44%
N Ntchisi 9,357
44%
S Salima 36,789
44%
Z Zomba 105,013
44%
C Chikwawa 6,114
33%
D Dedza 30,928
33%
D Dowa 7,135
33%
K Karonga 61,609
33%
M Mzimba 26,096
33%
N Nkhata Bay 13,274
33%
R Rumphi 22,358
33%
T Thyolo 7,843
33%
N Nsanje 26,844
22%
N Ntcheu 21,241
22%
P Phalombe 6,242
22%
C Chipoka 6,395
11%
L Luchenza 12,600
11%
M Monkey Bay 14,955
11%
M Mponela 24,543
11%
M Mwanza 18,039
11%
N Ngabu 7,032
11%
No matching quizzes found
Score Distribution
Percent of People with Each Score
Percentile by Number Answered
Your Score History
You have not taken this quiz